[Event "HUN-ch Rapid 2019"]
[Site "Ajka"]
[Date "2019.07.21"]
[Round "11.14"]
[White "Deak, Sandor"]
[Black "Kovacsy, Barnabas"]
[Result "0-1"]
[WhiteElo "2279"]
[BlackElo "2087"]
[Annotator "NA"]
[PlyCount "76"]
[EventDate "2019.07.18"]
[EventType "swiss"]
[EventCountry "HUN"]
[SourceTitle "playchess.com"]
[Source "ChessBase"]
[SourceQuality "1"]
[TimeControl "1200+5"]

1. d4 Nf6 {[%emt 0:00:01]} 2. c4 {[%emt 0:00:04]} g6 {[%emt 0:00:00]} 3. Nc3 {[%emt 0:00:01]} d5 {[%emt 0:00:01]} 4. Nf3 {[%emt 0:00:01]} Bg7 {[%emt 0:00:01]} 5. Bg5 {[%emt 0:00:01]} dxc4 {[%emt 0:00:02]} 6. e4 {[%emt 0:00:15]} c5 {[%emt 0:00:03]} 7. d5 {[%emt 0:14:53]} b5 {[%emt 0:00:02]} 8. Qc2 {[%emt 0:00:01]} Qa5 {[%emt 0:01:01]} 9. Nd2 {[%emt 0:00:40]} O-O {[%emt 0:01:26]} 10. a4 {[%emt 0:00:47]} a6 {[%emt 0:02:55]} 11. Ra2 {[%emt 0:00:05]} b4 {[%emt 0:02:16]} 12. Nxc4 {[%emt 0:00:01]} Qc7 {[%emt 0:00:01]} 13. Nd1 {[%emt 0:00:09]} b3 {[%emt 0:00:17]} 14. Qxb3 {[%emt 0:00:39]} Nxe4 {[%emt 0:00:02]} 15. Be3 {[%emt 0:00:28]} Nd7 {[%emt 0:00:51]} 16. Bd3 {[%emt 0:00:01]} Nd6 {[%emt 0:00:07]} 17. Bf4 {[%emt 0:00:34]} Nf6 {[%emt 0:00:58]} 18. Nde3 {[%emt 0:00:16]} Rb8 {[%emt 0:01:12]} 19. Qd1 {[%emt 0:00:11]} Nh5 {[%emt 0:01:17]} 20. Bxd6 {[%emt 0:00:31]} exd6 {[%emt 0:00:04]} 21. O-O {[%emt 0:00:06]} f5 {[%emt 0:01:00]} 22. f4 {[%emt 0:00:21]} Bd7 {[%emt 0:00:35]} 23. a5 {[%emt 0:00:06]} Rfe8 {[%emt 0:00:20]} 24. Nc2 {[%emt 0:00:17]} Bb5 {[%emt 0:00:48]} 25. Nb6 {[%emt 0:00:09]} Rxb6 {[%emt 0:00:48]} 26. axb6 {[%emt 0:00:04]} Qxb6 {[%emt 0:00:01]} 27. Bxb5 {[%emt 0:00:09]} axb5 {[%emt 0:00:01]} 28. Re1 {[%emt 0:00:16]} Rf8 {[%emt 0:00:55]} 29. g3 {[%emt 0:00:07]} b4 {[%emt 0:00:03]} 30. Ne3 {[%emt 0:00:07]} Bd4 {[%emt 0:00:22]} 31. Kg2 {[%emt 0:00:01]} Qb7 {[%emt 0:00:01]} 32. Qf3 {[%emt 0:00:06]} Re8 {[%emt 0:00:27]} 33. Raa1 {[%emt 0:00:17]} Nf6 {[%emt 0:00:33]} 34. Rad1 {[%emt 0:00:01]} Re4 {[%emt 0:00:52]} 35. b3 {[%emt 0:00:27]} Kg7 {[%emt 0:00:41]} 36. h3 {[%emt 0:00:11]} Bxe3 {[%emt 0:00:23]} 37. Rxe3 {[%emt 0:00:01]} Rxe3 {[%emt 0:00:01]} 38. Qxe3 Nxd5 0-1

[Event "HUN-ch Rapid 2019"]
[Site "Ajka"]
[Date "2019.07.21"]
[Round "11.15"]
[White "Farago, Ivan"]
[Black "Hardicsay, Peter"]
[Result "1/2-1/2"]
[WhiteElo "2350"]
[BlackElo "2185"]
[Annotator "NA"]
[PlyCount "75"]
[EventDate "2019.07.18"]
[EventType "swiss"]
[EventCountry "HUN"]
[SourceTitle "playchess.com"]
[Source "ChessBase"]
[SourceQuality "1"]
[TimeControl "1200+5"]

1. d4 {[%emt 0:00:02]} d5 {[%emt 0:00:06]} 2. c4 {[%emt 0:00:01]} dxc4 {[%emt 0:00:11]} 3. e3 {[%emt 0:00:08]} e5 {[%emt 0:00:05]} 4. Bxc4 {[%emt 0:00:03]} exd4 {[%emt 0:00:02]} 5. exd4 {[%emt 0:00:03]} Bd6 {[%emt 0:00:50]} 6. Nf3 {[%emt 0:00:02]} Nf6 {[%emt 0:00:02]} 7. Qe2+ {[%emt 0:01:31]} Qe7 {[%emt 0:00:16]} 8. Qxe7+ {[%emt 0:00:03]} Bxe7 {[%emt 0:00:02]} 9. O-O {[%emt 0:00:07]} O-O {[%emt 0:00:04]} 10. Nc3 {[%emt 0:00:06]} a6 {[%emt 0:00:36]} 11. Bg5 {[%emt 0:00:23]} h6 {[%emt 0:00:26]} 12. Bh4 {[%emt 0:00:04]} Nbd7 {[%emt 0:00:29]} 13. Rfe1 {[%emt 0:00:28]} Bd6 {[%emt 0:00:28]} 14. Ne5 {[%emt 0:00:18]} b5 {[%emt 0:01:17]} 15. Bd5 {[%emt 0:02:11]} Nxd5 {[%emt 0:04:13]} 16. Nxd5 {[%emt 0:00:03]} Nb6 {[%emt 0:00:45]} 17. Nxb6 {[%emt 0:01:30]} cxb6 {[%emt 0:00:03]} 18. Nc6 {[%emt 0:00:18]} Be6 {[%emt 0:01:32]} 19. Bg3 {[%emt 0:02:02]} Rfc8 {[%emt 0:02:56]} 20. Rac1 {[%emt 0:01:31]} Bf8 {[%emt 0:00:05]} 21. a3 {[%emt 0:00:08]} Bd5 {[%emt 0:00:50]} 22. Nb4 {[%emt 0:00:05]} Bxb4 {[%emt 0:00:31]} 23. axb4 {[%emt 0:00:01]} Rc4 {[%emt 0:00:35]} 24. Rxc4 {[%emt 0:00:37]} bxc4 {[%emt 0:00:13]} 25. Bc7 {[%emt 0:00:04]} b5 {[%emt 0:00:27]} 26. f3 {[%emt 0:01:14]} Bc6 {[%emt 0:00:41]} 27. Re5 {[%emt 0:01:18]} Rc8 {[%emt 0:00:37]} 28. Ba5 {[%emt 0:00:04]} Bd7 {[%emt 0:00:28]} 29. d5 {[%emt 0:00:35]} Re8 {[%emt 0:00:31]} 30. Re4 {[%emt 0:00:29]} f6 {[%emt 0:00:33]} 31. Kf2 {[%emt 0:00:04]} Kf7 {[%emt 0:00:14]} 32. Ke3 {[%emt 0:00:06]} Rc8 {[%emt 0:00:14]} 33. Kd4 {[%emt 0:00:13]} c3 {[%emt 0:00:07]} 34. bxc3 {[%emt 0:00:18]} Rc4+ {[%emt 0:00:01]} 35. Ke3 {[%emt 0:00:15]} Rxc3+ {[%emt 0:00:02]} 36. Kd2 {[%emt 0:00:01]} Rc8 {[%emt 0:00:10]} 37. Re3 {[%emt 0:00:41]} Rc4 {[%emt 0:00:29]} 38. Rd3 {[%emt 0:03:40]} 1/2-1/2

[Event "HUN-ch Rapid 2019"]
[Site "Ajka"]
[Date "2019.07.21"]
[Round "11.16"]
[White "Seres, Bela"]
[Black "Jakab, Attila"]
[Result "0-1"]
[WhiteElo "2161"]
[BlackElo "2377"]
[Annotator "NA"]
[PlyCount "60"]
[EventDate "2019.07.18"]
[EventType "swiss"]
[EventCountry "HUN"]
[SourceTitle "playchess.com"]
[Source "ChessBase"]
[SourceQuality "1"]
[TimeControl "1200+5"]

1. e4 {[%emt 0:00:05]} c5 {[%emt 0:00:07]} 2. Nf3 {[%emt 0:00:00]} g6 {[%emt 0:00:02]} 3. d4 {[%emt 0:00:05]} Bg7 {[%emt 0:00:02]} 4. dxc5 {[%emt 0:00:00]} Nf6 {[%emt 0:00:03]} 5. Bd3 {[%emt 0:00:46]} Qa5+ {[%emt 0:00:02]} 6. c3 {[%emt 0:00:01]} Qxc5 {[%emt 0:00:02]} 7. Na3 {[%emt 0:00:08]} d6 {[%emt 0:00:15]} 8. Nb5 {[%emt 0:00:28]} b6 {[%emt 0:00:03]} 9. Be3 {[%emt 0:01:12]} Qc6 {[%emt 0:00:03]} 10. Nbd4 {[%emt 0:00:24]} Qc7 {[%emt 0:00:07]} 11. h3 {[%emt 0:00:07]} O-O {[%emt 0:00:03]} 12. O-O {[%emt 0:00:01]} Bb7 {[%emt 0:00:02]} 13. Nd2 {[%emt 0:00:12]} Nbd7 {[%emt 0:00:04]} 14. f3 {[%emt 0:00:21]} d5 {[%emt 0:00:26]} 15. Qe2 {[%emt 0:00:56]} Nc5 {[%emt 0:00:13]} 16. Bf2 {[%emt 0:01:23]} Nxd3 {[%emt 0:00:26]} 17. Qxd3 {[%emt 0:00:02]} Rad8 {[%emt 0:00:20]} 18. e5 {[%emt 0:00:40]} Qxe5 {[%emt 0:00:20]} 19. Rfe1 {[%emt 0:00:06]} Qc7 {[%emt 0:00:34]} 20. Nb5 {[%emt 0:00:10]} Qd7 {[%emt 0:00:06]} 21. Nxa7 {[%emt 0:00:12]} Nh5 {[%emt 0:00:39]} 22. Bxb6 {[%emt 0:00:13]} Ra8 {[%emt 0:00:01]} 23. Bf2 {[%emt 0:00:08]} Nf4 {[%emt 0:00:31]} 24. Qb5 {[%emt 0:00:23]} Qf5 {[%emt 0:01:31]} 25. Qxb7 {[%emt 0:01:45]} Qg5 {[%emt 0:00:02]} 26. g4 {[%emt 0:00:06]} Nxh3+ {[%emt 0:00:04]} 27. Kf1 {[%emt 0:00:07]} Qxd2 {[%emt 0:00:58]} 28. Re2 {[%emt 0:00:01]} Qd3 29. Nc6 {[%emt 0:00:25]} Nf4 {[%emt 0:00:23]} 30. Rae1 {[%emt 0:00:49]} Qxf3 {[%emt 0:00:09] Kg2 Nh3+} 0-1

[Event "HUN-ch Rapid 2019"]
[Site "Ajka"]
[Date "2019.07.21"]
[Round "11.17"]
[White "Dankhazi, Andras"]
[Black "Udvardi, Zalan"]
[Result "1-0"]
[WhiteElo "2277"]
[BlackElo "2193"]
[Annotator "NA"]
[PlyCount "125"]
[EventDate "2019.07.18"]
[EventType "swiss"]
[EventCountry "HUN"]
[SourceTitle "playchess.com"]
[Source "ChessBase"]
[SourceQuality "1"]
[TimeControl "1200+5"]

1. d4 {[%emt 0:00:05]} Nf6 {[%emt 0:00:01]} 2. c4 {[%emt 0:00:02]} c5 {[%emt 0:00:02]} 3. d5 {[%emt 0:00:02]} e6 {[%emt 0:00:01]} 4. Nc3 {[%emt 0:00:01]} exd5 {[%emt 0:00:01]} 5. cxd5 {[%emt 0:00:02]} d6 {[%emt 0:00:01]} 6. Nf3 {[%emt 0:00:02]} g6 {[%emt 0:00:02]} 7. Bf4 {[%emt 0:00:09]} Bg7 {[%emt 0:00:40]} 8. Qa4+ {[%emt 0:00:05]} Bd7 {[%emt 0:00:01]} 9. Qb3 {[%emt 0:00:01]} Qc7 {[%emt 0:00:10]} 10. e4 {[%emt 0:00:45]} O-O {[%emt 0:00:20]} 11. Nd2 {[%emt 0:00:40]} Nh5 {[%emt 0:01:15]} 12. Be3 {[%emt 0:00:10]} f5 {[%emt 0:00:09]} 13. exf5 {[%emt 0:00:19]} gxf5 {[%emt 0:00:31]} 14. Be2 {[%emt 0:00:45]} f4 {[%emt 0:00:54]} 15. Bxh5 {[%emt 0:00:01]} fxe3 {[%emt 0:00:01]} 16. fxe3 {[%emt 0:00:02]} b5 {[%emt 0:00:38]} 17. Nxb5 {[%emt 0:02:31]} Bxb5 {[%emt 0:00:04]} 18. Qxb5 {[%emt 0:00:01]} Qe7 {[%emt 0:00:11]} 19. O-O-O {[%emt 0:04:12]} Nd7 {[%emt 0:00:04]} 20. Nc4 {[%emt 0:06:03]} Rab8 {[%emt 0:01:34]} 21. Qc6 {[%emt 0:00:01]} Ne5 {[%emt 0:01:14]} 22. Qxd6 {[%emt 0:01:16]} Qg5 {[%emt 0:00:00]} 23. Be2 {[%emt 0:00:59]} Nxc4 {[%emt 0:01:29]} 24. Bxc4 {[%emt 0:00:02]} Qxe3+ {[%emt 0:00:33]} 25. Rd2 {[%emt 0:00:02]} Bxb2+ {[%emt 0:00:09]} 26. Kd1 {[%emt 0:00:01]} Be5 {[%emt 0:00:05]} 27. Qe6+ {[%emt 0:00:15]} Kh8 {[%emt 0:00:00]} 28. Bb3 {[%emt 0:00:13]} c4 {[%emt 0:00:25]} 29. Re1 {[%emt 0:00:03]} Qxe1+ {[%emt 0:03:22]} 30. Kxe1 {[%emt 0:00:02]} Rbe8 {[%emt 0:00:08]} 31. Ba4 {[%emt 0:00:57]} Rxe6 {[%emt 0:00:51]} 32. dxe6 {[%emt 0:00:01]} Bf6 {[%emt 0:00:04]} 33. Rd7 {[%emt 0:00:08]} Re8 {[%emt 0:01:48]} 34. Rxh7+ {[%emt 0:00:15]} Kxh7 {[%emt 0:00:00]} 35. Bxe8 {[%emt 0:00:02]} Kh6 {[%emt 0:00:13]} 36. Bb5 {[%emt 0:00:28]} c3 {[%emt 0:01:34]} 37. Ba4 {[%emt 0:00:01]} Kg5 {[%emt 0:00:32]} 38. Kf2 {[%emt 0:00:46]} Kf5 {[%emt 0:00:19]} 39. Kf3 {[%emt 0:00:08]} Kxe6 {[%emt 0:00:25]} 40. Ke4 {[%emt 0:00:01]} Be5 {[%emt 0:00:34]} 41. g3 {[%emt 0:00:10]} Kf6 {[%emt 0:00:24]} 42. Bc2 {[%emt 0:00:05]} Bc7 {[%emt 0:00:31]} 43. Kf3 {[%emt 0:00:01]} Kg7 {[%emt 0:01:22]} 44. h4 {[%emt 0:00:06]} Bd8 {[%emt 0:00:09]} 45. Kg4 {[%emt 0:00:15]} Bc7 {[%emt 0:00:21]} 46. Kh3 {[%emt 0:00:10]} Kh6 {[%emt 0:00:22]} 47. g4 {[%emt 0:00:01]} Bf4 {[%emt 0:00:03]} 48. g5+ {[%emt 0:00:07]} Kh5 {[%emt 0:00:01]} 49. Bd1+ Kg6 50. Kg4 {[%emt 0:00:03]} Be3 {[%emt 0:00:18]} 51. h5+ {[%emt 0:00:01]} Kg7 {[%emt 0:00:00]} 52. Kf5 {[%emt 0:00:02]} Bd4 {[%emt 0:00:14]} 53. Bc2 {[%emt 0:00:02]} Kf8 {[%emt 0:00:09]} 54. h6 {[%emt 0:00:02]} Bh8 {[%emt 0:00:03]} 55. Ke6 {[%emt 0:00:05]} Bd4 {[%emt 0:00:02]} 56. g6 {[%emt 0:00:01]} Kg8 {[%emt 0:00:02]} 57. Kf5 {[%emt 0:00:07]} Kh8 {[%emt 0:00:13]} 58. Bb3 {[%emt 0:00:15]} a5 {[%emt 0:00:05]} 59. Ke4 {[%emt 0:00:08]} Bf6 {[%emt 0:00:02]} 60. a4 {[%emt 0:00:02]} c2 {[%emt 0:00:06]} 61. Bxc2 {[%emt 0:00:01]} Bg5 {[%emt 0:00:02]} 62. g7+ {[%emt 0:00:03]} Kh7 {[%emt 0:00:02]} 63. Bb3 {[%emt 0:00:00]} 1-0

[Event "HUN-ch Rapid 2019"]
[Site "Ajka"]
[Date "2019.07.21"]
[Round "11.18"]
[White "Varga, Klara"]
[Black "Hoang, Thanh Trang"]
[Result "1-0"]
[WhiteElo "2146"]
[BlackElo "2414"]
[Annotator "NA"]
[PlyCount "63"]
[EventDate "2019.07.18"]
[EventType "swiss"]
[EventCountry "HUN"]
[SourceTitle "playchess.com"]
[Source "ChessBase"]
[SourceQuality "1"]
[TimeControl "1200+5"]

1. c4 {[%emt 0:00:01]} f5 {[%emt 0:00:02]} 2. Nc3 {[%emt 0:00:01]} Nf6 {[%emt 0:00:03]} 3. Nf3 {[%emt 0:00:03]} g6 {[%emt 0:00:07]} 4. g3 {[%emt 0:00:02]} Bg7 {[%emt 0:00:01]} 5. Bg2 {[%emt 0:00:01]} O-O {[%emt 0:00:04]} 6. O-O {[%emt 0:00:02]} d6 {[%emt 0:00:03]} 7. d3 {[%emt 0:00:06]} Nc6 {[%emt 0:00:50]} 8. e4 {[%emt 0:00:05]} e5 {[%emt 0:00:24]} 9. Be3 {[%emt 0:00:05]} f4 {[%emt 0:01:58]} 10. gxf4 {[%emt 0:01:23]} Nh5 {[%emt 0:01:19]} 11. f5 {[%emt 0:00:10]} gxf5 {[%emt 0:00:39]} 12. exf5 {[%emt 0:01:03]} Bxf5 {[%emt 0:00:32]} 13. Ng5 {[%emt 0:00:59]} Nf4 {[%emt 0:02:05]} 14. Bxf4 {[%emt 0:00:05]} exf4 {[%emt 0:00:02]} 15. Bd5+ {[%emt 0:01:28]} Kh8 {[%emt 0:00:02]} 16. Nce4 {[%emt 0:00:20]} Nd4 {[%emt 0:02:54]} 17. Qh5 {[%emt 0:00:58]} Bg6 {[%emt 0:03:09]} 18. Qg4 {[%emt 0:03:08]} c6 {[%emt 0:00:07]} 19. Be6 {[%emt 0:00:17]} Nxe6 {[%emt 0:00:31]} 20. Nxe6 {[%emt 0:00:07]} Qd7 {[%emt 0:00:14]} 21. f3 {[%emt 0:02:52]} Bxe4 {[%emt 0:01:59]} 22. dxe4 {[%emt 0:01:31]} Rg8 {[%emt 0:00:12]} 23. Kh1 {[%emt 0:00:04]} Bxb2 {[%emt 0:00:14]} 24. Qh3 {[%emt 0:03:22]} Bxa1 {[%emt 0:00:29]} 25. Rxa1 {[%emt 0:00:01]} Qf7 {[%emt 0:00:41]} 26. Rd1 {[%emt 0:00:32]} Rae8 {[%emt 0:00:46]} 27. Nd4 {[%emt 0:00:15]} d5 {[%emt 0:00:27]} 28. Nf5 {[%emt 0:00:27]} Qe6 {[%emt 0:00:21]} 29. cxd5 {[%emt 0:00:07]} cxd5 {[%emt 0:00:01]} 30. Re1 {[%emt 0:01:14]} dxe4 {[%emt 0:00:08]} 31. fxe4 {[%emt 0:00:02]} Qxa2 {[%emt 0:00:15]} 32. Qc3+ {[%emt 0:00:05]} 1-0

[Event "HUN-ch Rapid 2019"]
[Site "Ajka"]
[Date "2019.07.21"]
[Round "11.19"]
[White "Szalanczi, Emil"]
[Black "Csiszar, Csaba"]
[Result "0-1"]
[WhiteElo "2159"]
[BlackElo "2432"]
[Annotator "NA"]
[PlyCount "118"]
[EventDate "2019.07.18"]
[EventType "swiss"]
[EventCountry "HUN"]
[SourceTitle "playchess.com"]
[Source "ChessBase"]
[SourceQuality "1"]
[TimeControl "1200+5"]

1. e4 {[%emt 0:00:01]} c5 {[%emt 0:00:01]} 2. Nf3 {[%emt 0:00:03]} Nc6 {[%emt 0:00:01]} 3. d4 {[%emt 0:00:01]} cxd4 {[%emt 0:00:01]} 4. Nxd4 {[%emt 0:00:01]} e5 {[%emt 0:00:01]} 5. Nb5 {[%emt 0:00:02]} d6 {[%emt 0:00:00]} 6. N5c3 {[%emt 0:00:17]} Be7 {[%emt 0:00:02]} 7. Bc4 {[%emt 0:00:42]} Nf6 {[%emt 0:00:02]} 8. O-O {[%emt 0:00:13]} O-O {[%emt 0:00:03]} 9. Bb3 {[%emt 0:00:50]} Bg4 {[%emt 0:00:58]} 10. Qd3 {[%emt 0:00:32]} Nh5 {[%emt 0:00:25]} 11. Nd5 {[%emt 0:00:22]} Bg5 {[%emt 0:00:04]} 12. Nbc3 {[%emt 0:00:38]} Nd4 {[%emt 0:00:12]} 13. Be3 {[%emt 0:00:39]} Bxe3 {[%emt 0:03:18]} 14. fxe3 {[%emt 0:01:04]} Nxb3 {[%emt 0:06:23]} 15. axb3 {[%emt 0:00:02]} Be6 {[%emt 0:00:00]} 16. Rf2 {[%emt 0:00:36]} a6 {[%emt 0:00:16]} 17. Raf1 {[%emt 0:00:39]} Rc8 {[%emt 0:00:12]} 18. Qe2 {[%emt 0:01:24]} g6 {[%emt 0:01:10]} 19. Nf6+ {[%emt 0:00:43]} Nxf6 {[%emt 0:00:02]} 20. Rxf6 {[%emt 0:00:02]} Kg7 {[%emt 0:00:14]} 21. Qf2 {[%emt 0:00:12]} Qe7 {[%emt 0:00:30]} 22. Qh4 {[%emt 0:00:16]} Rc7 {[%emt 0:00:58]} 23. R1f3 {[%emt 0:02:37]} h6 {[%emt 0:00:31]} 24. h3 {[%emt 0:00:40]} Re8 {[%emt 0:01:02]} 25. Nd5 {[%emt 0:00:53]} Bxd5 {[%emt 0:00:01]} 26. exd5 {[%emt 0:00:02]} Rf8 {[%emt 0:00:25]} 27. c4 {[%emt 0:00:34]} e4 {[%emt 0:00:27]} 28. Rf2 {[%emt 0:00:54]} Qe5 {[%emt 0:00:04]} 29. Qf4 {[%emt 0:01:09]} Qxf4 {[%emt 0:00:08]} 30. R2xf4 {[%emt 0:00:12]} Rd7 {[%emt 0:00:08]} 31. g4 {[%emt 0:00:25]} Rc8 {[%emt 0:00:16]} 32. h4 {[%emt 0:00:16]} b5 {[%emt 0:00:00]} 33. cxb5 {[%emt 0:00:32]} axb5 {[%emt 0:00:01]} 34. g5 {[%emt 0:00:01]} hxg5 {[%emt 0:00:01]} 35. hxg5 {[%emt 0:00:01]} Rc5 {[%emt 0:00:03]} 36. Rxe4 {[%emt 0:00:35]} Rxd5 37. Rf2 {[%emt 0:00:20]} Rxg5+ {[%emt 0:00:01]} 38. Rg2 {[%emt 0:00:11]} Re5 {[%emt 0:00:03]} 39. Rb4 {[%emt 0:00:14]} Rxe3 {[%emt 0:00:13]} 40. Rxb5 {[%emt 0:00:01]} d5 {[%emt 0:00:00]} 41. Rd2 {[%emt 0:00:09]} d4 {[%emt 0:00:01]} 42. Rb4 {[%emt 0:00:10]} d3 {[%emt 0:00:02]} 43. Kf2 {[%emt 0:00:02]} Rde7 {[%emt 0:00:07]} 44. Rb5 {[%emt 0:01:15]} Re2+ {[%emt 0:00:02]} 45. Rxe2 {[%emt 0:00:02]} Rxe2+ {[%emt 0:00:02]} 46. Kf3 {[%emt 0:00:05]} Rxb2 {[%emt 0:00:01]} 47. Ke3 {[%emt 0:00:01]} d2 {[%emt 0:00:01]} 48. Ke2 {[%emt 0:00:03]} f5 {[%emt 0:00:03]} 49. Rb8 {[%emt 0:00:22]} f4 {[%emt 0:00:21]} 50. Rb7+ {[%emt 0:00:15]} Kh6 {[%emt 0:00:04]} 51. Rf7 {[%emt 0:00:09]} Kg5 {[%emt 0:00:09]} 52. Rd7 {[%emt 0:00:17]} Kg4 {[%emt 0:00:14]} 53. Rf7 {[%emt 0:01:33]} g5 {[%emt 0:00:11]} 54. b4 {[%emt 0:00:05]} Kg3 {[%emt 0:00:07]} 55. b5 {[%emt 0:00:38]} g4 {[%emt 0:00:03]} 56. Rf5 {[%emt 0:00:09]} f3+ {[%emt 0:00:02]} 57. Kd1 {[%emt 0:00:04]} f2 {[%emt 0:00:28]} 58. Ke2 {[%emt 0:00:13]} Rxb5 {[%emt 0:00:10]} 59. Rxb5 {[%emt 0:00:16]} f1=Q+ {[%emt 0:00:04]} 0-1

[Event "HUN-ch Rapid 2019"]
[Site "Ajka"]
[Date "2019.07.21"]
[Round "11.20"]
[White "Csonka, Balazs"]
[Black "Finszter, Mate"]
[Result "1-0"]
[WhiteElo "2472"]
[BlackElo "2276"]
[Annotator "ChessBase"]
[PlyCount "59"]
[EventDate "2019.07.18"]
[EventType "swiss"]
[EventCountry "HUN"]
[SourceTitle "playchess.com"]
[Source "ChessBase"]
[SourceQuality "1"]
[TimeControl "1200+5"]

1. Nf3 c5 2. e4 g6 3. d4 cxd4 4. Qxd4 Nf6 5. Nc3 Nc6 {[%emt 0:00:53]} 6. Qa4 {[%emt 0:00:29]} d6 {[%emt 0:00:17]} 7. e5 {[%emt 0:00:03]} dxe5 {[%emt 0:00:17]} 8. Nxe5 {[%emt 0:00:01]} Bd7 {[%emt 0:00:03]} 9. Nxd7 {[%emt 0:00:08]} Qxd7 {[%emt 0:00:38]} 10. Be3 {[%emt 0:00:37]} Bg7 {[%emt 0:00:45]} 11. Rd1 {[%emt 0:00:07]} Qc7 {[%emt 0:02:03]} 12. g3 {[%emt 0:00:23]} O-O {[%emt 0:00:15]} 13. Bg2 {[%emt 0:00:04]} a6 {[%emt 0:03:58]} 14. O-O {[%emt 0:01:03]} b5 {[%emt 0:01:01]} 15. Qh4 {[%emt 0:01:02]} Rfd8 {[%emt 0:00:40]} 16. a4 {[%emt 0:03:23]} bxa4 {[%emt 0:05:11]} 17. Qxa4 {[%emt 0:03:20]} Rdc8 {[%emt 0:02:44]} 18. Rfe1 {[%emt 0:04:14]} e6 {[%emt 0:00:28]} 19. Bf4 {[%emt 0:00:31]} Qb6 {[%emt 0:00:09]} 20. Rd6 {[%emt 0:00:58]} Ng4 {[%emt 0:00:50]} 21. Rf1 {[%emt 0:00:52]} Nxf2 {[%emt 0:00:54]} 22. Rxf2 {[%emt 0:00:02]} Bd4 {[%emt 0:00:05]} 23. Rxd4 {[%emt 0:00:05]} Nxd4 {[%emt 0:00:07]} 24. Bxa8 {[%emt 0:00:04]} Rxa8 {[%emt 0:00:06]} 25. Be3 {[%emt 0:00:36]} e5 {[%emt 0:00:05]} 26. Qd7 {[%emt 0:01:16]} Rf8 {[%emt 0:00:07]} 27. Bh6 {[%emt 0:01:05]} Nf3+ {[%emt 0:00:18]} 28. Kg2 {[%emt 0:00:14]} Rd8 {[%emt 0:00:09]} 29. Qe7 {[%emt 0:00:31]} Ne1+ {[%emt 0:00:13]} 30. Kf1 {[%emt 0:00:10]} 1-0

[Event "HUN-ch Rapid 2019"]
[Site "Ajka"]
[Date "2019.07.21"]
[Round "12.1"]
[White "Almasi, Zoltan"]
[Black "Aczel, Gergely"]
[Result "1/2-1/2"]
[WhiteElo "2687"]
[BlackElo "2540"]
[Annotator "TA"]
[PlyCount "28"]
[EventDate "2019.07.18"]
[EventType "swiss"]
[EventCountry "HUN"]
[SourceTitle "playchess.com"]
[Source "ChessBase"]
[SourceQuality "1"]

{[%evp 9,28,12,8,5,0,0,4,0,0,8,14,0,8,0,0,0,0,0,0,0,4]} 1. c4 e6 2. g3 d5 3. Bg2 Nf6 4. Nf3 dxc4 5. Qa4+ Bd7 {The position is equal.} 6. Qxc4 {A13: English Opening: 1...e6} c5 7. Ne5 Qc8 8. Nxd7 (8. Qd3 Nc6 9. Nxd7 Nxd7 10. b3 Be7 11. Bb2 O-O 12. Nc3 Rd8 13. Rc1 Nf6 {½-½ (45) Cheparinov,I (2711)-Grandelius,N (2678) Germany 2019}) 8... Qxd7 9. b3 Nc6 10. Bb2 Be7 11. O-O O-O 12. Qc2 Nd4 $146 ({Predecessor:} 12... Rfd8 13. d3 Rac8 {1-0 (47) Dolezal,C (2382)-Villanueva,M (2423) Villa Martelli 2016}) 13. Qd1 Rfd8 14. d3 Rac8 1/2-1/2

[Event "HUN-ch Rapid 2019"]
[Site "Ajka"]
[Date "2019.07.21"]
[Round "12.2"]
[White "Vertetics, Attila"]
[Black "Gledura, Benjamin"]
[Result "0-1"]
[WhiteElo "2438"]
[BlackElo "2654"]
[Annotator "ChessBase"]
[PlyCount "52"]
[EventDate "2019.07.18"]
[EventType "swiss"]
[EventCountry "HUN"]
[SourceTitle "playchess.com"]
[Source "ChessBase"]
[SourceQuality "1"]
[TimeControl "1200+5"]

1. d4 {[%emt 0:00:01]} Nf6 {[%emt 0:00:04]} 2. Nf3 {[%emt 0:00:05]} g6 {[%emt 0:00:06]} 3. c4 {[%emt 0:00:05]} Bg7 {[%emt 0:00:04]} 4. Nc3 {[%emt 0:00:01]} d5 {[%emt 0:00:03]} 5. e3 {[%emt 0:00:02]} O-O {[%emt 0:00:14]} 6. Qb3 {[%emt 0:00:02]} e6 {[%emt 0:00:14]} 7. Bd2 {[%emt 0:00:02]} b6 {[%emt 0:00:28]} 8. Rc1 {[%emt 0:00:03]} dxc4 {[%emt 0:00:32]} 9. Bxc4 {[%emt 0:00:04]} Bb7 {[%emt 0:00:03]} 10. Be2 {[%emt 0:00:13]} Nbd7 {[%emt 0:00:32]} 11. O-O {[%emt 0:00:10]} c5 {[%emt 0:00:02]} 12. Rfd1 {[%emt 0:00:13]} Nd5 {[%emt 0:00:26]} 13. dxc5 {[%emt 0:01:39]} Nxc5 {[%emt 0:00:06]} 14. Qa3 {[%emt 0:00:01]} Qe7 {[%emt 0:01:59]} 15. Nxd5 {[%emt 0:00:17]} Bxd5 {[%emt 0:00:02]} 16. Bc3 {[%emt 0:00:02]} Rfd8 {[%emt 0:00:28]} 17. Bxg7 {[%emt 0:01:19]} Kxg7 {[%emt 0:00:02]} 18. Nd4 {[%emt 0:04:12]} e5 {[%emt 0:01:14]} 19. Nb5 {[%emt 0:00:35]} a5 {[%emt 0:00:18]} 20. f3 {[%emt 0:01:15]} Rac8 {[%emt 0:01:33]} 21. Nc3 {[%emt 0:00:36]} Bc6 {[%emt 0:00:07]} 22. Bb5 {[%emt 0:00:19]} Qg5 {[%emt 0:00:41]} 23. Bxc6 {[%emt 0:02:22]} Qxe3+ {[%emt 0:00:22]} 24. Kf1 {[%emt 0:00:03]} Rxc6 {[%emt 0:00:58]} 25. Rxd8 {[%emt 0:00:13]} Qxc1+ {[%emt 0:00:02]} 26. Rd1 {[%emt 0:00:02]} Qc2 {[%emt 0:00:17]} 0-1